| 000 -LEADER | |
|---|---|
| fixed length control field | 00396nam a22001697a 4500 |
| 005 - DATE AND TIME OF LATEST TRANSACTION | |
| control field | 20260508150711.0 |
| 008 - FIXED-LENGTH DATA ELEMENTS--GENERAL INFORMATION | |
| fixed length control field | 160620b xxu||||| |||| 00| 0 eng d |
| 020 ## - INTERNATIONAL STANDARD BOOK NUMBER | |
| ISBN | 978-0-07-05894-4 |
| 041 ## - LANGUAGE CODE | |
| Language code of text/sound track or separate title | eng |
| 082 ## - DEWEY DECIMAL CLASSIFICATION NUMBER | |
| Classification number | 659.1 |
| 100 ## - MAIN ENTRY--AUTHOR NAME | |
| Personal name | Belch, George E and Michael A |
| 245 ## - TITLE STATEMENT | |
| Title | Advertising and Promotion |
| 260 ## - PUBLICATION, DISTRIBUTION, ETC. (IMPRINT) | |
| Name of publisher | TMH |
| Year of publication | 2007 |
| 300 ## - PHYSICAL DESCRIPTION | |
| Number of Pages | 779 |
| 650 ## - SUBJECT ADDED ENTRY--TOPICAL TERM | |
| Topical Term | Management |
| 942 ## - ADDED ENTRY ELEMENTS (KOHA) | |
| Koha item type | Books |
| Lost status | Damaged status | Collection code | Home library | Current library | Shelving location | Date acquired | Full call number | Accession Number | Koha item type |
|---|---|---|---|---|---|---|---|---|---|
| MANAGEMENT | JRU Library | JRU Library | SHELF-73-A | 20/06/2016 | 659.1 | 8414 | Books | ||
| MANAGEMENT | JRU Library | JRU Library | SHELF-73-A | 20/06/2016 | 659.1 | 8415 | Books | ||
| MANAGEMENT | JRU Library | JRU Library | SHELF-73-A | 20/06/2016 | 659.1 | 8416 | Books | ||
| MANAGEMENT | JRU Library | JRU Library | SHELF-73-A | 20/06/2016 | 659.1 | 8417 | Books | ||
| MANAGEMENT | JRU Library | JRU Library | SHELF-73-A | 20/06/2016 | 659.1 | 8418 | Books |